The Transfer of Property Act, 1882 / (Record no. 586888)
[ view plain ]
| 000 -LEADER | |
|---|---|
| fixed length control field | 00415nam a22001457a 4500 |
| 082 ## - DEWEY DECIMAL CLASSIFICATION NUMBER | |
| Classification number | 346.540436 MAH |
| 100 ## - MAIN ENTRY--PERSONAL NAME | |
| Personal name | Mahmood, Shaukat |
| 245 ## - TITLE STATEMENT | |
| Title | The Transfer of Property Act, 1882 / |
| Statement of responsibility, etc. | Shaukat Mahmood |
| 250 ## - EDITION STATEMENT | |
| Edition statement | 7th Edition. |
| 260 ## - PUBLICATION, DISTRIBUTION, ETC. | |
| Place of publication, distribution, etc. | Lahore : |
| Name of publisher, distributor, etc. | Legal Research Centre, |
| Date of publication, distribution, etc. | 2018. |
| 300 ## - PHYSICAL DESCRIPTION | |
| Dimensions | 24 cm. |
| Extent | 1120 p. ; |
| 942 ## - ADDED ENTRY ELEMENTS (KOHA) | |
| Source of classification or shelving scheme | |
| Koha item type | Book |
| Withdrawn status | Lost status | Source of classification or shelving scheme | Damaged status | Not for loan | Permanent Location | Current Location | Shelving location | Date acquired | Source of acquisition | Total Checkouts | Total Renewals | Full call number | Barcode | Checked out | Date last seen | Date last checked out | Price effective from | Koha item type |
|---|---|---|---|---|---|---|---|---|---|---|---|---|---|---|---|---|---|---|
| NUST Law School (NLS) | NUST Law School (NLS) | Law | 11/28/2021 | Federal Law House | 4 | 1 | 346.540436 MAH | CL-781 | 02/18/2026 | 01/19/2026 | 01/19/2026 | 11/28/2021 | Book | |||||
| NUST Law School (NLS) | NUST Law School (NLS) | Law | 11/28/2021 | Federal Law House | 2 | 3 | 346.540436 MAH | CL-782 | 02/18/2026 | 01/19/2026 | 01/19/2026 | 11/28/2021 | Book |
